Geography pairs - Statistics

General Stats
  • This quiz has been taken 199 times
  • The average score is 14 of 28
Answer Stats
Hint Answer % Correct
The two non-contiguous US states Alaska
92%
Hawaii
92%
The two countries that share the island of Hispaniola Dominican Republic
88%
Haiti
88%
Vatican City
84%
The two enclaves of Italy San Marino
81%
The two capitals of Bolivia La Paz
79%
The two Palestinian territories Gaza Strip
71%
Sucre
68%
The two countries with Sultans Brunei
65%
Qatar
62%
The twin cities of Minnesota Minneapolis
59%
Monaco
58%
Mexico
57%
The two countries with the letter 'X' in their name Luxembourg
56%
Oman
56%
St. Paul
56%
West Bank
53%
The two countries with Emirs as head of state Kuwait
52%
The two true principalities Liechtenstein
46%
Mbabane
37%
The two countries that share Mt. Korab as their highest point Albania
8%
Macedonia
8%
Wales
8%
The two countries that share Mt. Nimba as their highest point Côte d'Ivoire
6%
Guinea
6%
The two capitals of Swaziland Lobamba
5%
The two ceremonial principalities Asturias
4%
No matching quizzes found
Score Distribution
Percent of People with Each Score
Percentile by Number Answered
Your Score History
You have not taken this quiz